000 01077nam0a2200289 4500
001 RU\NLR\bibl\448458
005 20250623181009.0
010 _a5-80222-096-1
035 _a(NLR Aleph) 000442110
090 _a820659
_c820659
100 _a20031017d2000 |||y0rusy50 ca
101 1 _arus
_ceng
102 _aRU
105 _aa |||||||||
200 1 _aХронология древнего мира
_eБлиж. Восток
_fЭ. Бикерман
_g[Пер. с англ. И.М. Стеблин-Каменского]
210 _aСретенск
_cМЦИФИ Толедо
_d2000
215 _a335,[1] c.
_cил.
_d20
300 _aНа 4-й с. обл. авт. проф. Колумб. ун-та (США)
320 _aБиблиогр. в тексте и в подстроч. примеч.
606 0 _aДревняя история
_xХронология
_91061582
_3RU\NLR\auth\66411983
686 _aТ3(0)3я28
700 1 _aБикерман
_bЭ.
_4070
801 0 _aRU
_bNLR
_c20031017
_gPSBO
801 1 _aRU
_bNLR
_c20031017
942 _cBOOK
980 _aNB